书目信息 |
| 题名: |
鲁迅杂文
|
|
| 作者: | 鲁迅 著 ;裘沙 , 王伟君 图 | |
| 分册: | 坟 | |
| 出版信息: | 桂林 漓江出版社 2001.08 |
|
| 页数: | 220页 | |
| 开本: | 20cm | |
| 丛书名: | 鲁迅杂文 | |
| 单 册: | ||
| 中图分类: | I210.4 | |
| 科图分类: | ||
| 主题词: | 鲁迅杂文--选集 | |
| 电子资源: | ||
| ISBN: | 7-5407-2746-2 | |
| 000 | 00936nam 2200301 450 | |
| 001 | 192004001220 | |
| 005 | 20070905143940.07 | |
| 010 | @a7-5407-2746-2@dCNY30.00 | |
| 100 | @a20070531d2001 ekmy0chiy0121 ea | |
| 101 | 0 | @achi |
| 102 | @aCN@b450000 | |
| 105 | @aac z 000yy | |
| 200 | 1 | @a鲁迅杂文@Alu xun za wen@i坟@f鲁迅著@g裘沙, 王伟君之图 |
| 210 | @a桂林@c漓江出版社@d2001.08 | |
| 215 | @a220页@c彩图, 肖像@d20cm | |
| 225 | 2 | @a鲁迅杂文@Alu xun za wen |
| 300 | @a其他题名:坟 | |
| 314 | @a版权页题名: 鲁迅著 | |
| 330 | @a本书收入鲁迅先生1907-1925年间所作论文和杂感23篇及题记、后记各1篇。包括人之历史、科学史教篇、文化偏至论、我之节烈观、未有天才之前等。 | |
| 410 | 0 | @12001 @a鲁迅杂文 |
| 517 | 1 | @a坟@Afen |
| 606 | 0 | @a鲁迅杂文@j选集 |
| 690 | @aI210.4@v4 | |
| 701 | 0 | @a鲁迅@Alu xun@4著 |
| 702 | 0 | @a裘沙@Aqiu sha@4图 |
| 702 | 0 | @a王伟君@Awang wei jun@4图 |
| 801 | 0 | @aCN@c20070905 |
| 905 | @dI210.4@eL8245 | |
| 鲁迅杂文.坟/鲁迅著/裘沙, 王伟君之图.-桂林:漓江出版社,2001.08 |
| 220页:彩图, 肖像;20cm.-(鲁迅杂文) |
| 其他题名:坟 |
| ISBN 7-5407-2746-2:CNY30.00 |
| 本书收入鲁迅先生1907-1925年间所作论文和杂感23篇及题记、后记各1篇。包括人之历史、科学史教篇、文化偏至论、我之节烈观、未有天才之前等。 |
| ● |
| 相关链接 |
|
|
|
正题名:鲁迅杂文
索取号:I210.4/L8245
 
预约/预借
| 序号 | 登录号 | 条形码 | 馆藏地/架位号 | 状态 | 备注 |
| 1 | 624031 | 206240316 | 文学库108/108文学库 12排4列5层/ [索取号:I210.4/L8245] | 在馆 | |
| 2 | 624032 | 206240325 | 文学库108/108文学库 12排4列5层/ [索取号:I210.4/L8245] | 在馆 | |
| 3 | 624033 | 206240334 | 文学库108/108文学库 12排4列5层/ [索取号:I210.4/L8245] | 在馆 |